El reino de Aragón bajo la dinastía pamplonesa / (Record no. 123941)
[ view plain ]
| 000 -LEADER | |
|---|---|
| campo de control de longitud fija | 00794nam a2200217 i 4500 |
| 001 - NÚMERO DE CONTROL | |
| campo de control | 123941 |
| 003 - IDENTIFICADOR DE NÚMERO DE CONTROL | |
| campo de control | ES-MaACL |
| 005 - FECHA Y HORA DE LA ÚLTIMA TRANSACCIÓN | |
| campo de control | 20250712081901.0 |
| 007 - CAMPO FIJO DE DESCRIPCIÓN FÍSICA--INFORMACIÓN GENERAL | |
| campo de control de longitud fija | t| |
| 008 - DATOS DE LONGITUD FIJA--INFORMACIÓN GENERAL | |
| campo de control de longitud fija | 070214s1961 sp r ||||1| spa d |
| 100 1# - ENTRADA PRINCIPAL--NOMBRE DE PERSONA | |
| Nombre de persona | Ramos y Loscertales, José María. |
| 9 (RLIN) | 95366 |
| 245 13 - MENCIÓN DEL TÍTULO | |
| Título | El reino de Aragón bajo la dinastía pamplonesa / |
| Mención de responsabilidad, etc. | José María Ramos y Loscertales ; edición preparada por José Mª Lacarra. |
| 260 ## - PUBLICACIÓN, DISTRIBUCIÓN, ETC. | |
| Lugar de publicación, distribución, etc. | Salamanca : |
| Nombre del editor, distribuidor, etc. | [s.n.], |
| Fecha de publicación, distribución, etc. | 1961 ( |
| Fabricante | Imp. Raycar) |
| 300 ## - DESCRIPCIÓN FÍSICA | |
| Extensión | 126 p. : |
| Otras características físicas | `retr. aut.` ; |
| Dimensiones | 25 cm + |
| Material acompañante/anejo | 1 map. |
| 490 1# - MENCIÓN DE SERIE | |
| Mención de serie | Acta salmanticensia |
| 651 #4 - PUNTO DE ACCESO ADICIONAL DE MATERIA--NOMBRE GEOGRÁFICO | |
| Nombre geográfico | Aragón (Reino)- |
| Subdivisión general | Historia. |
| 9 (RLIN) | 7791 |
| 700 1# - ENTRADA AGREGADA--NOMBRE PERSONAL | |
| Nombre de persona | Lacarra, José María ( |
| Fechas asociadas al nombre | 1907-1987) |
| 9 (RLIN) | 69329 |
| 830 00 - PUNTO DE ACCESO ADICIONAL DE SERIE-TÍTULO UNIFORME | |
| Título uniforme | Acta Salmanticensia |
| 9 (RLIN) | 181394 |
| 852 ## - LOCALIZACIÓN | |
| Ubicación | ES-MaACL |
| Número de control de estantería | C-22490 |
| Sublocalización o colección | R.50565 |
| Estatus retirado | Estado de pérdida | Estado de daño | No para préstamo | Biblioteca de origen | Biblioteca actual | Ubicación en estantería | Fecha de adquisición | Fuente de adquisición | Total de préstamos | Signatura topográfica completa | Código de barras | Visto por última vez | Precio de reemplazo | Tipo de ítem Koha |
|---|---|---|---|---|---|---|---|---|---|---|---|---|---|---|
| Biblioteca del Ateneo de Madrid | Biblioteca del Ateneo de Madrid | Galería | 17/01/2008 | C-22490 | 1129129 | 23/02/2023 | 23/02/2023 | Libro impreso |
